Statistics for All Minecraft Life Series Members

Click here to take the quiz!

General Stats

  • This quiz has been taken 22 times
  • The average score is 17 of 18

Answer Stats

SeasonsAnswer% Correct
1-5GoodTimesWithScar
100%
1-5Grian
100%
2, 5Mumbo Jumbo
100%
1-5BdoubleO100
94%
1-5Bigbst4tz2
94%
1-5EthosLab
94%
5GeminiTay
94%
1-5ImpulseSV
94%
2, 5LDShadowLady
94%
2-5PearlescentMoon
94%
1-3Rendog
94%
1-5SmallishBeans
94%
1-5Solidarity
94%
1-5TangoTek
94%
1-5ZombieCleo
94%
1-5InTheLittleWood
88%
1-2, 4-5Skizzleman
88%
1-5Smajor1995
88%

Score Distribution

Percentile by Number Answered

Percent of People with Each Score

Your Score History

You have not taken this quiz